Misterioso Mozart /

Sollers recorre el territorio mozartiano: Salzburgo, Viena, París; revela la correspondencia del músico, visita los museos dedicados al compositor, pero el resultado no es una biografía ni un ensayo ni un tratado de musicología. Son páginas literarias que giran en torno de un misterio: la música de...

Full description

Bibliographic Details
Main Author: Sollers, Philippe
Format: Libro
Language:Spanish
Published: México Fondo de Cultura Económica 2004
Edition:1a. ed. 2a. reimp.
Series:Obras de lengua y estudios literarios
Subjects:
Online Access:

MARC

LEADER 00000cam a2200000 a 4500
001 022532
003 UAHC_CL
005 20170803122129.0
008 080630s2004 mx 000 spa
020 |a 9505575432 
040 |a UAHC_CL  |c UAHC_CL  |d UAHC_CL 
082 0 4 |a 927.809436  |b S688  |2 20 
100 1 |a Sollers, Philippe 
245 1 0 |a Misterioso Mozart /  |c Philippe Sollers ; [Traducción Mariana Podetti]. 
250 |a 1a. ed. 2a. reimp. 
260 |b Fondo de Cultura Económica  |a México  |c 2004 
300 |a 203 p. 
490 0 |a Obras de lengua y estudios literarios 
520 |a Sollers recorre el territorio mozartiano: Salzburgo, Viena, París; revela la correspondencia del músico, visita los museos dedicados al compositor, pero el resultado no es una biografía ni un ensayo ni un tratado de musicología. Son páginas literarias que giran en torno de un misterio: la música de Mozart, la vida de Mozart, el amor a Mozart. 
600 1 4 |a MOZART, WOLFGANG AMADEUS  |d 1756-1791 
650 4 |a COMPOSITORES  |z AUSTRIA  |v BIOGRAFIAS 
653 |a PEDAGOGIA EN MUSICA 
658 |a Suau, Raúl 
900 |a 927.809436 SOL 
942 |c BK 
952 |0 0  |1 0  |4 0  |6 927_809436000000000_SOL  |7 0  |8 General  |9 44820  |a BS  |b BS  |c General  |d 2017-08-03  |l 0  |o 927.809436 SOL  |p 1363927  |r 2025-11-26 00:00:00  |t 1  |w 2017-08-03  |y BK 
952 |0 0  |1 0  |4 0  |6 927_809436000000000_SOL  |7 0  |8 General  |9 44821  |a BS  |b BS  |c General  |d 2017-08-03  |l 0  |o 927.809436 SOL  |p 1363928  |r 2025-11-26 00:00:00  |t 2  |w 2017-08-03  |y BK 
952 |0 0  |1 0  |4 0  |6 927_809436000000000_SOL  |7 0  |8 General  |9 44822  |a BS  |b BS  |c General  |d 2017-08-03  |l 0  |o 927.809436 SOL  |p 1363929  |r 2025-11-26 00:00:00  |t 3  |w 2017-08-03  |y BK 
999 |c 22532  |d 22532